000 00665nam a2200301Ia 4500
001 1993
003 4067
005 20250222063731.0
008 ||||||n9999 ||| || ||
020 _a8420623040
041 _aspa
082 _219
_a320
100 _aBlondel, Jean
_93936
245 0 _aEl gobierno
_bestudios comparados
260 _aEspaña :
_bALIA1,
_c1981.
300 _a305p
490 _aAlianza Universidad
562 _e4
650 0 _aCiencias políticas
_9939
650 0 _aGobierno
_93001
942 _cBKM
942 _cBKM
999 _c1993
_d1993
526 _a4969
526 _a19790
526 _a104436
526 _a51868
526 _a1697